Hand Book of Medical Parasiotology and Clinical Pathology (Record no. 151969)

MARC details
000 -LEADER
fixed length control field 00329nam a2200121Ia 4500
008 - FIXED-LENGTH DATA ELEMENTS--GENERAL INFORMATION
fixed length control field 230411s9999 xx 000 0 und d
041 ## - LANGUAGE CODE
Language code of text/sound track or separate title eng
082 ## - DEWEY DECIMAL CLASSIFICATION NUMBER
Classification number PA/616.96/SAR/B00499
100 ## - MAIN ENTRY--PERSONAL NAME
Personal name Sarkar
9 (RLIN) 176615
245 ## - TITLE STATEMENT
Title Hand Book of Medical Parasiotology and Clinical Pathology
260 ## - PUBLICATION, DISTRIBUTION, ETC. (IMPRINT)
Place of publication, distribution, etc. Kolkata
Holdings
Withdrawn status Lost status Damaged status Not for loan Collection code Home library Current library Date acquired Vendor Cost, normal purchase price Bill number Total Checkouts Full call number Barcode Date last seen Cost, replacement price Bill Date Koha item type Original Barcode
          Smt. Bakul Tambat Institute of Nursing Education Smt. Bakul Tambat Institute of Nursing Education 30/08/2001 S.K.Kothari,Pune. 100.00 5158   PA 616.96 SAR B00499 BTIN-BK-499 11/04/2023 100.00 30/08/2001 Books B00499